Čadca mapa mesta : Stadplan : town plan : várostérkép : plan miasta : karta goroda

Bibliographic Details
Corporate Author: Vojenský kartografický ústav (Harmanec, Slovensko) (Author)
Format: Map
Language:Slovak
Published: Harmanec Vojenský kartografický ústav 2001
Series:Edícia máp miest
Subjects:

MARC

LEADER 00000nem a2200000 a 4500
001 vtls001422807
003 SK-MaSNL
005 20260302072439.0
007 aj cazzn
008 151004s2001 xo a 0 slo
015 |a SNBC2002/01-00025 
020 |a 8080422508 
035 |a SNK000377676 
035 |a urn:nbn:sk:snk-em003fpw 
035 |a 3A1F5906-F748-4DE2-A9CA-CA2206DFDF22 
035 |a urn:nbn:sk:snk-emtda9 
040 |a SNK  |b slo  |c SNK  |e AACR2 
041 0 |a slo 
043 |a e-xo--- 
044 |a xo  |c SK 
080 |a 908.437.645(084.3)  |2 1981 
110 2 |a Vojenský kartografický ústav (Harmanec, Slovensko)  |4 aut  |9 32777 
245 1 0 |a Čadca  |h kartografický dokument  |b mapa mesta : Stadplan : town plan : várostérkép : plan miasta : karta goroda  |c spracoval: Vojenský kartografický ústav, š. p., Harmanec ; zodpovedný redaktor: Jaroslav Vašek ; technická redaktorka: Emília Bodnárová 
255 |a 1:10 000, 1:250 000 
260 |a Harmanec  |b Vojenský kartografický ústav  |c 2001 
300 |a 1 mapa  |b fareb.  |c 50 x 80 cm 
490 1 |a Edícia máp miest 
500 |a Podnáz. a vysvetl. v angl., maď., nem., poľ., rus. 
500 |a Mapa obs. inform., graf. mierky, zozn. ulíc, nám., vysvetl. Mapa okolia v mierke 1:250 000. Red. uzávierka 11. mája 2001 
651 7 |a Čadca (Slovensko)  |2 SNK  |9 28627 
655 7 |a orientačné plány  |2 SNK  |9 74276 
700 1 |a Vašek, Jaroslav  |4 lso  |9 47559 
700 1 |a Bodnárová, Emília  |4 lso  |9 8997 
830 0 |a Edícia máp miest  |9 287879 
919 |a 80-8042-250-8 
923 |a orientačná  |b skladaná  |c pre verejnosť 
954 |a mapy pôvodné (slovenské)  |2 lita 
999 |c 1156521  |d 1158451 
952 |t P60, <03>, [BOOK], {603}  |a SNK  |b SNK  |y PREZ  |7 0  |p 17A0320385  |o snkSLCm 2196  |i snkKSP 13316/2001  |0 0  |1 0  |4 0  |d 2001-10-30  |l 0  |r 2005-01-02 00:00:00  |w 2026-02-24 
952 |t P60, <04>, [BOOK], {604}  |a SNK  |b SNK  |y VYP  |7 0  |p 17A0320386  |o snkSLCm 2196 D1  |i snkKSP 13317/2001  |0 0  |1 0  |4 0  |d 2001-10-30  |f 1  |l 0  |r 2005-01-02 00:00:00  |w 2026-02-24